000
00338nam a22001457a 4500
008
230123b ||||| |||| 00| 0 eng d
020
_a
9780735588332
041
_a
eng
080
_a
34
082
_a
34KAT
100
_a
30
101
_a
JURE
245
_a
STRATEGIES AND TECHNIQUES OF LAW SCHOOL TEACHING
_c
KATZ E H
942
_2
udc
_c
BK
999
_c
59249
_d
59249